000 01259nam a2200229Ia 4500
001 L232-6681
003 IT-CnALBA
008 170116s9999||||xx |||||||||||||| ||und||
040 _aIT-CnALBA
_cIT-CnALBA
041 _aITALIANO
100 _aSPIDALIERI GIORGIO SDB.
245 0 _aOGGI E QUAGGIU'. RIFLESSI TERRESTRI DEL MESSAGGIO EVANGELICO
250 _a1a ed.
260 _aCINISELLO BALSAMO (MI)
_bEDIZIONI PAOLINE
_c1952 [1° Ed.:1952 - Ed.Ling.Originale: 1952]
300 _a186 p. (prefazione: 56)
500 _aREALTÀ POSITIVE E TERRESTRI DELL'UOMO. SVILUPPO DEI VALORI DELL'UOMO. LIMITE E SOLUZIONE UMANA. DOMANDE AI COMUNISTI. ANALISI FENOMENOLOGICA DEL FERMENTO SOCIALE. INFALLIBILITÀ PONTIFICIA. CONVERGENZE CON I PROTESTANTI. SOLUZIONE A TAPPE DEL PROBLEMA RELI
501 _aSocietà San Paolo EM - Piazza San Paolo, 14 - 12051 ALBA (CN) (non commercial uses only) ® Copyright 2017
520 _aREALTÀ POSITIVE E TERRESTRI DELL'UOMO. SVILUPPO DEI VALORI DELL'UOMO. LIMITE E SOLUZIONE UMANA. DOMANDE AI COMUNISTI. ANALISI FENOMENOLOGICA DEL FERMENTO SOCIALE. INFALLIBILITÀ PONTIFICIA. CONVERGENZE CON I PROTESTANTI. SOLUZIONE A TAPPE DEL PROBLEMA RELI
650 _aVITA E MISTERO DI CRISTO
942 _cBK
957 _71
999 _a7657
_bNO
_g Copie: 1
_c265863
_d265863